<The> importance of personal marketing by the development of clusters

Charakter klastrov a kapitalizácia lokálnych majetkov. Regionálna politika a podpora klastrov. Flámsky klastrový priestor v Belgicku a Holandsku a inovačné systémy.

Gespeichert in:
Bibliographische Detailangaben
1. Verfasser: Jamnický, Peter
Format: Buchkapitel
Sprache:Englisch
Schlagworte:
Tags: Tag hinzufügen
Keine Tags, Fügen Sie das erste Tag hinzu!

MARC

LEADER 00000naa$a2200000$$$4500
001 0204224
005 20240502073417.1
041 0 |a eng 
044 |a SK 
245 1 0 |a <The> importance of personal marketing by the development of clusters  |c Peter Jamnický 
520 |a Charakter klastrov a kapitalizácia lokálnych majetkov. Regionálna politika a podpora klastrov. Flámsky klastrový priestor v Belgicku a Holandsku a inovačné systémy. 
610 2 0 |a marketing personálny 
610 2 0 |a riadenie ľudských zdrojov 
610 2 0 |a kompetencie 
610 2 0 |a technológie informačné 
610 2 0 |a technológie komunikačné 
610 2 0 |a klaster 
100 1 |a Jamnický, Peter